书目信息 |
| 题名: |
饭店酒店管理专业英语实用教程
|
|
| 作者: | 鲁阿凤 , 司爱侠 , 王凤元 编著 | |
| 分册: | ||
| 出版信息: | 北京 清华大学出版社 2006.1 |
|
| 页数: | 11,266页 | |
| 开本: | 23cm | |
| 丛书名: | 普通高校专业英语教程系列 | |
| 单 册: | ||
| 中图分类: | H31 | |
| 科图分类: | ||
| 主题词: | 饭店--fan dian--商业管理--英语--高等学校--教材 , 商业管理--shang ye guan li , 英语--ying yu | |
| 电子资源: | ||
| ISBN: | 7-302-11857-4 | |
| 000 | 01100nam0 2200289 45 | |
| 001 | 012006000000 | |
| 005 | 20061229113536.71 | |
| 010 | @a7-302-11857-4@dCNY23.00 | |
| 100 | @a20060313d2006 em y0chiy0121 ea | |
| 101 | 0 | @achi@aeng |
| 102 | @aCN@b110000 | |
| 105 | @ay z 000yy | |
| 200 | 1 | @a饭店酒店管理专业英语实用教程@Afan dian jiu dian guan li zhuan ye ying yu shi yong jiao cheng@f鲁阿凤, 司爱侠, 王凤元编著 |
| 210 | @a北京@c清华大学出版社@d2006.1 | |
| 215 | @a11,266页@d23cm | |
| 225 | 2 | @a普通高校专业英语教程系列@Apu tong gao xiao zhuan ye ying yu jiao cheng xi lie |
| 330 | @a本书题例上以Unit为单元, 每个Unit由以下几部分组成: 情景对话、课文、单词、常用词组及句子、难句讲解、习题、补充阅读、练习答案等。 | |
| 410 | 0 | @12001 @a普通高校专业英语教程系列 |
| 606 | 0 | @a饭店@Afan dian@x商业管理@x英语@x高等学校@j教材 |
| 606 | 0 | @a商业管理@Ashang ye guan li |
| 606 | 0 | @a英语@Aying yu |
| 690 | @aH31@v4 | |
| 701 | 0 | @a鲁阿凤@Alu a feng@4编著 |
| 701 | 0 | @a司爱侠@Asi ai xia@4编著 |
| 701 | 0 | @a王凤元@Awang feng yuan@4编著 |
| 801 | 0 | @aCN@c20061229 |
| 905 | @a10447@dH31@eL810 | |
| 饭店酒店管理专业英语实用教程/鲁阿凤, 司爱侠, 王凤元编著.-北京:清华大学出版社,2006.1 |
| 11,266页;23cm.-(普通高校专业英语教程系列) |
| ISBN 7-302-11857-4:CNY23.00 |
| 本书题例上以Unit为单元, 每个Unit由以下几部分组成: 情景对话、课文、单词、常用词组及句子、难句讲解、习题、补充阅读、练习答案等。 |
| ● |
| 相关链接 |
|
|
|
正题名:饭店酒店管理专业英语实用教程
索取号:H31/L810
 
预约/预借
| 序号 | 登录号 | 条形码 | 馆藏地/架位号 | 状态 | 备注 |
| 1 | 639621 | 206396210 | 语言库209/209语言库 84排3列4层/ [索取号:H31/L810] | 在馆 | |
| 2 | 639622 | 206396229 | 语言库209/209语言库 84排3列4层/ [索取号:H31/L810] | 在馆 | |
| 3 | 639623 | 206396238 | 语言库209/209语言库 84排3列4层/ [索取号:H31/L810] | 在馆 |